Statistics for Taylor Swift Song Chain

Click here to take the quiz!

General Stats

  • This quiz has been taken 54 times
  • The average score is 12 of 16

Answer Stats

HintAnswer% Correct
Only song to go number one on the billboard charts from LoverCruel Summer
93%
Emotional song that has her ex's name in the titleDear John
89%
Taylor's longest songAll Too Well
83%
Features Lana Del ReySnow On The Beach
83%
Song that name drops James Dean in it's lyricsStyle
83%
Song that demonstrates Swift's support of the Gay rights movementYou Need To Calm Down
80%
Evermore song about an old frienddorothea
78%
"I like fancy things but..."Paper Rings
78%
Music video from the Red era that includes tour videosRed
72%
Fan favorite of the 1989 deluxe tracksNew Romantics
70%
A song that's title is three adjectives in a row (from Red)Sad Beautiful Tragic
70%
Song that's title is an emotionhappiness
67%
A song Swift wrote for the Hunger Games soundtrackSafe and Sound
67%
Comes before betty on the folklore tracklistepiphany
63%
Mentions the time 1:58Last Kiss
54%
Song that is believed to be about Swift's brotherNever Grow Up
50%

Score Distribution

Percentile by Number Answered

Percent of People with Each Score

Your Score History

You have not taken this quiz